000 00623nam a2200205 a 4500
005 20140310183443.0
008 080905s19uu xx 00 eng d
020 _a0471744956
050 _aHF 5415
_b.Y792 2006
100 _aYoung, Roy A.
245 _aMarketing champions :
_bpractical strategies for improving marketing's power, influence, and business impact.
260 _aNew Jersey :
_bJohn Wiley & Sons, Inc,
_c2006.
300 _a270 p. :
_bill. ;
_c24 cm.
521 _aBSBA
650 _aMarketing.
700 _aWeiss, Allen M.
700 _aStewart, David W.
942 _cBK
_2lcc
_kFOR
999 _c23169
_d23169